000 01468cad a22002415a 4500
001 E147504
008 090519s2003 xxk f s000 0 eng d
020 _a075593452X
022 1 _a0950-2254
035 _a(Sirsi) u147504
041 0 _aeng
050 0 4 _a333.78 $2 18
110 2 _aNFO System Three
_94313
245 0 0 _aPublic attitudes to access to the countryside
_h[electronic resource]
260 _aEdinburgh
_bScottish Executive
_bScottish Natural Heritage
_c2003
505 2 _aSummary -- Chapter one: background and introduction -- Chapter two: main results: frequency of taking part in open-air recreation in the countryside; motivations for visiting the countryside; activities undertaken; factors preventing participation; the current law of access; crossing different types of land; effects of legislation change; encouraging participation -- Chapter three: conclusions
520 _aPresents the results of a survey which examined existing levels of access to the countryside in Scotland, the activities undertaken by visitors and the possible results of potential changes in legislation. Found considerable confusion amongst survey participants as to their rights of access to the countryside.
521 _aAdvanced
651 4 _aScotland
_y1999-
690 _aPROPERTY-RURAL AND NATURAL ASSETS
856 4 0 _uhttps://www.scotland.gov.uk/Publications/2003/03/16923/21164
_zView the report free of charge at www.scotland.gov.uk...
942 _n0
999 _c109589
_d109589